000 00587nam a22001817a 4500
999 _c13238
_d13238
003 AR-CdUCM
008 190411b ||||| |||| 00| 0 spa d
040 _aMUNICIPALIDAD PROVINCIAL DEL CUSCO
_cBIBLIOTECA MUNICIPAL DEL CUSCO
082 _a599.4 /
_bC38
100 _aCeballos Bendezu, Ismael
_931534
245 _aContribución al conocimientos de los quiropteros del Cuzco /
260 _aCuzco :
_bEdit.Garcilaso,
_c1955
300 _a72 paginas :
_c21 cm.
650 _aChiroptera
_931535
650 _aMicrochiroptera
_931536
942 _2ddc
_cLIBROS
945 _arjall
_d2019-04-11